000 00483nam a2200181Ia 4500
001 2279
005 20260306143830.0
008 260306t2020||||xx |||||||||||||| ||spa||
041 _aESP
082 _a616.85445
_bR47
100 _aReyes Ortega, Michel André,
_eAUT
245 0 _aGuía clínica de evaluación y tratamiento del comportamiento suicida
260 _c2020
300 _axiii, 209 páginas :
_c23 cm.
650 _aGEN
654 _aCPS
942 _cLIB
_dJUS
_fJUS
_2ddc
_n
999 _c2279
_d2279